00409nam a2200157Ia 4500008004100000020001500041082001800056100001600074245005700090250000800147260002700155300001200182500002400194650001500218700001800233230524s9999 xx 000 0 und d a0748408789 a621.3812bLEN aTorkel Glad 0aControl Theory (Multivariable and Nonlinear Methods) a1ST aNEWYORKbThomsonc2002 aXIV;467 aQuantity Number: 2 aElectrical aLennart Ljung